|
|
|
|
| LEADER |
00000cam a2200000 4500 |
| 001 |
vtls011899543 |
| 003 |
SK-MaSNL |
| 005 |
20260301102235.0 |
| 008 |
210209s2017 pl oc drhn 000 0dpol |
| 015 |
|
|
|a SNBZSA2020/02
|
| 020 |
|
|
|a 9788361915607
|q (viazané)
|
| 035 |
|
|
|a urn:nbn:sk:snk-am00edj5
|
| 035 |
|
|
|a urn:nbn:sk:snk-am3igu6
|
| 035 |
|
|
|a 5A5FEB14-F16D-458F-8239-59ED81FEB019
|
| 040 |
|
|
|a SNK
|b slo
|c SNK
|e rda
|
| 041 |
0 |
|
|a pol
|
| 043 |
|
|
|a e-xo---
|a e-pl---
|
| 044 |
|
|
|a pl
|c PL
|
| 072 |
|
7 |
|a 911
|x Všeobecná geografia. Systematická geografia
|2 konspekt
|
| 072 |
|
7 |
|a 77
|x Fotografia. Fotografické postupy
|2 konspekt
|
| 080 |
|
|
|a 796.52
|2 2011
|
| 080 |
|
|
|a 796.524
|2 2011
|
| 080 |
|
|
|a 551.432.5
|2 2011
|
| 080 |
|
|
|a 551.332.56
|2 2011
|
| 080 |
|
|
|a 77
|2 2011
|
| 080 |
|
|
|a (234.372.4)
|2 2011
|
| 080 |
|
|
|a (437.6)
|2 2011
|
| 080 |
|
|
|a (084.11)
|2 2011
|
| 080 |
|
|
|a (048.8)
|2 2011
|
| 100 |
1 |
|
|a Majcher, Jarek
|4 aut
|4 pht
|9 437706
|
| 245 |
1 |
0 |
|a Tatry i Pieniny w zdjęciach archiwalnych znamienitych autorów, a także ukazane fotografiami i tekstem przez Jarka Majchera
|b śladami pierwszych turystów i fotografów
|c Jarek Majcher
|
| 264 |
|
1 |
|a Opole
|b Wydawnictwo MS
|c [2017]
|
| 300 |
|
|
|a 319 strán
|b fotografie
|c 31 cm
|
| 336 |
|
|
|a text
|b txt
|2 rdacontent
|
| 336 |
|
|
|a statický obraz
|b sti
|2 rdacontent
|
| 337 |
|
|
|a bez média
|b n
|2 rdamedia
|
| 338 |
|
|
|a zväzok
|b nc
|2 rdacarrier
|
| 500 |
|
|
|a Rok vydania publikácie prevzatý z externého zdroja
|
| 504 |
|
|
|a Obsahuje bibliografiu na strane 318
|
| 648 |
|
7 |
|a 1985-2016
|2 SNKPH
|9 437707
|
| 650 |
0 |
7 |
|a horolezectvo
|2 SNKPH
|9 1050
|
| 650 |
0 |
7 |
|a vysokohorská turistika
|2 SNKPH
|9 3260
|
| 650 |
0 |
7 |
|a horské hrebene
|2 SNKPH
|9 175648
|
| 650 |
0 |
7 |
|a horské plesá
|2 SNKPH
|9 171908
|
| 650 |
0 |
7 |
|a Mountaineering
|2 SNKPHeng
|9 267361
|
| 650 |
0 |
7 |
|a Hill climbing
|2 SNKPHeng
|9 276193
|
| 650 |
0 |
7 |
|a Mountain ridges
|2 SNKPHeng
|9 437708
|
| 650 |
0 |
7 |
|a Glacial lakes
|2 SNKPHeng
|9 338910
|
| 650 |
0 |
7 |
|a horská fotografia
|2 SNKPH
|9 54574
|
| 650 |
0 |
7 |
|a Photography of mountains
|2 SNKPHeng
|9 437709
|
| 651 |
|
7 |
|a Tatry (Poľsko a Slovensko : pohorie)
|2 SNKPHgeo
|9 176859
|
| 651 |
|
7 |
|a Pieniny (Poľsko a Slovensko : pohorie)
|2 SNKPHgeo
|9 17492
|
| 651 |
|
7 |
|a Pieniny (Poland and Slovakia : mountains)
|2 SNKPHeng
|9 325644
|
| 655 |
|
7 |
|a obrazové publikácie
|2 SNKPH
|9 70343
|
| 655 |
|
7 |
|a monografie
|2 SNKPH
|9 70139
|
| 655 |
|
7 |
|a Pictorial works
|2 SNKPHeng
|9 284468
|
| 655 |
|
7 |
|a Monographs
|2 SNKPHeng
|9 120675
|
| 919 |
|
|
|a 978-83-61915-60-7
|
| 958 |
|
|
|a ZS
|
| 958 |
|
|
|a NB
|
| 999 |
|
|
|c 691649
|d 693579
|
| 952 |
|
|
|a SNK
|b SNK
|y PREZ
|7 0
|p 17A1392477
|o snkSB 94835
|i snk2019/29122
|8 3
|g 53.90
|0 0
|1 0
|4 0
|d 2019-11-12
|f 1
|l 0
|r 2025-05-15 00:00:00
|w 2026-02-23
|